| 000 | 00391pab a2200133 454500 | ||
|---|---|---|---|
| 008 | 180718b xxu||||| |||| 00| 0 eng d | ||
| 100 | _aDegaonkar Chaya K. | ||
| 245 | _aAgricultural finance in a backward region | ||
| 362 | _a36(1), Apr 1994, p.35-43 | ||
| 650 | _a Agricultural Credit -- India | ||
| 650 | _aAgriculture -- Finance -- India | ||
| 773 | _aAsian Economic Review | ||
| 909 | _a26592 | ||
| 999 |
_c26592 _d26592 |
||